000 00926nam a22002297a 4500
005 20240530110556.0
008 160315s2013 ua g b 000 0 ara d
017 _a15696
_bمصر . دار الكتب المصرية
020 _a97897705279240
040 _aEG-CaGPL
082 0 4 _221
_a371.207\
_bس ت
100 0 _aسعاد محمد عيد
245 1 0 _aتخطيط السياسة التعليمية و التحديات الحضارية المعاصرة /
_cسعاد محمد عيد
260 _aالقاهرة :
_bمكتبة الانجلو المصرية ،
_c2013 .
300 _a502 ص ؛
_c24 سم .
490 _aسلسلة التربية و المستقبل العربى
504 _aيشتمل على ارجاعات ببليوجرافية
650 0 4 _aالتخطيط التربوى
650 0 4 _aالسياسة التعليمية
942 _2ddc
_cBK
999 _c62559
_d62559